[Event "Sitges Sunway op 6th"]
[Site "Sitges"]
[Date "2019.12.16"]
[Round "4"]
[White "Larino Nieto, David"]
[Black "Gokhvat, Peter"]
[Result "1-0"]
[WhiteElo "2475"]
[BlackElo "2287"]
[PlyCount "65"]
[EventDate "2019.12.13"]
[EventType "swiss"]
[EventRounds "10"]
[EventCountry "ESP"]
[SourceTitle "CBM 193 Extra"]
[Source "ChessBase"]
[SourceDate "2020.01.31"]
[SourceVersion "1"]
[SourceVersionDate "2020.01.31"]
[SourceQuality "1"]

1. e4 c5 2. Nc3 Nc6 3. g3 g6 4. Bg2 Bg7 5. d3 e6 6. Be3 d6 7. f4 Nge7 8. Nf3 Nd4 9. 0-0 f5 10. h4 e5 11. fxe5 dxe5 12. h5 f4 13. gxf4 Bg4 14. Nxd4 Bxd1 15. Ne6 Bxc2 16. Nxg7+ Kd7 17. Rac1 gxh5 18. fxe5 Rg8 19. Rf7 Rxg7 20. Rxg7 Qh8 21. Rxe7+ Kxe7 22. Nd5+ Kd7 23. Nf6+ Ke6 24. Rxc2 b6 25. d4 Qg7 26. Kh2 cxd4 27. Bxd4 Qb7 28. Bh3+ Kf7 29. e6+ Kf8 30. Rg2 Qc7+ 31. e5 Qc4 32. Rg8+ Ke7 33. Rg7+ 1-0

[Event "EU-ch 19th"]
[Site "Batumi"]
[Date "2018.03.24"]
[Round "7"]
[White "Gokhvat, Peter"]
[Black "Abdulov, Orkhan Javanshir"]
[Result "1-0"]
[WhiteElo "2248"]
[BlackElo "2412"]
[PlyCount "45"]
[EventDate "2018.03.17"]
[EventType "swiss"]
[EventRounds "11"]
[EventCountry "GEO"]
[SourceTitle "CBM 184"]
[Source "ChessBase"]
[SourceDate "2018.05.16"]
[SourceVersion "1"]
[SourceVersionDate "2018.05.16"]
[SourceQuality "1"]

1. d4 f5 2. g4 fxg4 3. h3 d5 4. hxg4 Bxg4 5. Qd3 Nf6 6. f3 Bc8 7. Bf4 e6 8. e4 dxe4 9. fxe4 c5 10. Nc3 cxd4 11. Nb5 Na6 12. 0-0-0 Ng4 13. Qg3 e5 14. Bxe5 Bc5 15. Nxd4 0-0 16. Bc4+ Kh8 17. Ngf3 Qe7 18. Qh3 Nf6 19. Qh4 h6 20. Rdg1 Nc7 21. Qxh6+ gxh6 22. Rxh6+ Qh7 23. Bxf6+ 1-0

[Event "EU-ch 19th"]
[Site "Batumi"]
[Date "2018.03.22"]
[Round "6"]
[White "Turan, Asim"]
[Black "Gokhvat, Peter"]
[Result "0-1"]
[WhiteElo "2024"]
[BlackElo "2248"]
[PlyCount "80"]
[EventDate "2018.03.17"]
[EventType "swiss"]
[EventRounds "11"]
[EventCountry "GEO"]
[SourceTitle "CBM 184"]
[Source "ChessBase"]
[SourceDate "2018.05.16"]
[SourceVersion "1"]
[SourceVersionDate "2018.05.16"]
[SourceQuality "1"]

1. d4 Nf6 2. c4 c5 3. d5 e5 4. Nc3 d6 5. e4 Nbd7 6. g3 Be7 7. Bg2 Nf8 8. Qd3 Ng6 9. Nf3 Bd7 10. 0-0 Qc8 11. Nd1 a6 12. Ne3 b5 13. b3 b4 14. a3 bxa3 15. Rxa3 h6 16. Bd2 0-0 17. Bc3 Ra7 18. Nd2 Bh3 19. b4 Bxg2 20. Nxg2 cxb4 21. Bxb4 Qh3 22. f3 Rb7 23. Bc3 Nh5 24. Qe2 Bd8 25. c5 dxc5 26. Nc4 f5 27. Rxa6 f4 28. g4 Ng3 29. hxg3 fxg3 30. Ne1 Nf4 31. Qc2 Rb1 32. Ne3 Rc1 33. Ra2 Rxc2 34. Rxc2 Bg5 35. Nc4 g2 36. Nxg2 Nxg2 37. Rxg2 Rxf3 38. Rxf3 Qxf3 39. Bb2 Qd1+ 40. Kh2 Bf4+ 0-1

[Event "EU-ch 19th"]
[Site "Batumi"]
[Date "2018.03.21"]
[Round "5"]
[White "Gokhvat, Peter"]
[Black "Berchtenbreiter, Maximilian"]
[Result "0-1"]
[WhiteElo "2248"]
[BlackElo "2414"]
[PlyCount "66"]
[EventDate "2018.03.17"]
[EventType "swiss"]
[EventRounds "11"]
[EventCountry "GEO"]
[SourceTitle "CBM 184"]
[Source "ChessBase"]
[SourceDate "2018.05.16"]
[SourceVersion "1"]
[SourceVersionDate "2018.05.16"]
[SourceQuality "1"]

1. Nf3 Nf6 2. c4 c6 3. b3 d5 4. Bb2 Bf5 5. g3 e6 6. Bg2 a5 7. Nh4 Be4 8. Nf3 h6 9. d3 Bh7 10. 0-0 a4 11. Nbd2 Nbd7 12. cxd5 exd5 13. e4 a3 14. Bxf6 Nxf6 15. Re1 dxe4 16. dxe4 Bb4 17. Qe2 0-0 18. Rad1 Re8 19. Qc4 Qa5 20. e5 Nd5 21. e6 fxe6 22. Bh3 e5 23. Rxe5 Bxd2 24. Rxe8+ Rxe8 25. Rxd2 Qc3 26. Qxc3 Nxc3 27. Bf1 b5 28. b4 Be4 29. Nd4 Rd8 30. f3 Bb1 31. Nxb5 Rxd2 32. Nxc3 Bd3 33. Bh3 Kf7 0-1

[Event "EU-ch 19th"]
[Site "Batumi"]
[Date "2018.03.18"]
[Round "2"]
[White "Firat, Burak"]
[Black "Gokhvat, Peter"]
[Result "1/2-1/2"]
[WhiteElo "2453"]
[BlackElo "2248"]
[PlyCount "93"]
[EventDate "2018.03.17"]
[EventType "swiss"]
[EventRounds "11"]
[EventCountry "GEO"]
[SourceTitle "CBM 184"]
[Source "ChessBase"]
[SourceDate "2018.05.16"]
[SourceVersion "1"]
[SourceVersionDate "2018.05.16"]
[SourceQuality "1"]

1. e4 c5 2. Nf3 Nc6 3. d4 cxd4 4. Nxd4 e5 5. Nb5 a6 6. Nd6+ Bxd6 7. Qxd6 Qe7 8. Qd1 Nf6 9. Nc3 h6 10. Be3 0-0 11. Qd2 b5 12. 0-0-0 Bb7 13. Nd5 Nxd5 14. exd5 Nb8 15. g4 d6 16. Rg1 Nd7 17. g5 g6 18. gxh6 Kh7 19. Bd3 e4 20. Be2 Rac8 21. Bg5 f6 22. Be3 Rg8 23. h4 Ne5 24. Kb1 Rc7 25. Bb6 Nc4 26. Bxc4 Rxc4 27. Bd4 Bxd5 28. Qf4 e3 29. Qxe3 Qxe3 30. Bxe3 Be4 31. Rxd6 Rxc2 32. Ka1 Rc6 33. Rd7+ Kh8 34. a3 Rgc8 35. Rgd1 Bf5 36. Re7 a5 37. Ra7 b4 38. Rxa5 b3 39. Ra7 R6c7 40. Ra6 Rc6 41. Ra7 R6c7 42. Ra5 Rc4 43. Rb5 Bc2 44. Rc1 Kh7 45. Rb7+ R8c7 46. Rb6 f5 47. Bg5 1/2-1/2

[Event "Jerusalem Japhet Memorial op 3rd"]
[Site "Jerusalem"]
[Date "2016.07.12"]
[Round "4"]
[White "Gokhvat, Peter"]
[Black "Zilberman, Yaacov"]
[Result "1/2-1/2"]
[WhiteElo "2243"]
[BlackElo "2404"]
[PlyCount "115"]
[EventDate "2016.07.10"]
[EventType "swiss"]
[EventRounds "7"]
[EventCountry "ISR"]
[SourceTitle "CBM 173 Extra"]
[Source "ChessBase"]
[SourceDate "2016.08.29"]
[SourceVersion "1"]
[SourceVersionDate "2016.08.29"]
[SourceQuality "1"]

1. Nf3 d5 2. d4 Nf6 3. e3 c5 4. c3 e6 5. Bd3 Nbd7 6. 0-0 Be7 7. Nbd2 Qc7 8. Qe2 b6 9. b3 0-0 10. Bb2 Bb7 11. c4 cxd4 12. cxd5 Nxd5 13. Rac1 Nc5 14. Bxd4 Rad8 15. Ne4 Nb4 16. Be5 Qc8 17. Nxc5 bxc5 18. Bc4 Bd5 19. Ba1 Bxc4 20. Rxc4 Qa6 21. a4 f6 22. Bc3 Nd5 23. Qc2 Nb6 24. Re4 e5 25. a5 Nd5 26. Rc4 Rd7 27. Bd2 Rfd8 28. Nh4 Bf8 29. Rg4 Qe6 30. Qf5 Qxf5 31. Nxf5 g6 32. h4 Kf7 33. Ng3 Rb8 34. Rc4 Nc7 35. Ne4 Ne6 36. Bc3 Rxb3 37. f4 exf4 38. Nxf6 Rxc3 39. Nxd7 Bg7 40. Rxc3 Bxc3 41. exf4 Ke7 42. Ne5 Nxf4 43. Nc6+ Kd6 44. Nxa7 Ne2+ 45. Kf2 Nd4 46. a6 Kc7 47. Rb1 Bb4 48. Ke3 Kb8 49. Rxb4+ cxb4 50. Kxd4 Kxa7 51. Kc4 Kxa6 52. Kxb4 Kb6 53. g4 Kc6 54. Kc4 Kd6 55. Kd4 Ke6 56. Ke4 h6 57. Kf4 Kd5 58. h5 1/2-1/2

[Event "Jerusalem Japhet Memorial op 3rd"]
[Site "Jerusalem"]
[Date "2016.07.10"]
[Round "1"]
[White "Gokhvat, Peter"]
[Black "Naiditsch, Arkadij"]
[Result "0-1"]
[WhiteElo "2243"]
[BlackElo "2667"]
[PlyCount "88"]
[EventDate "2016.07.10"]
[EventType "swiss"]
[EventRounds "7"]
[EventCountry "ISR"]
[SourceTitle "CBM 173 Extra"]
[Source "ChessBase"]
[SourceDate "2016.08.29"]
[SourceVersion "1"]
[SourceVersionDate "2016.08.29"]
[SourceQuality "1"]

1. d4 Nf6 2. Nf3 e6 3. e3 b6 4. Bd3 Bb7 5. Nbd2 c5 6. 0-0 Nc6 7. c3 Rc8 8. Qe2 Be7 9. a3 a5 10. e4 d5 11. e5 Nd7 12. Re1 c4 13. Bc2 b5 14. Nf1 Nb6 15. Ng3 h5 16. Qe3 Kd7 17. Qf4 Qg8 18. h4 Rf8 19. Ng5 Nd8 20. Bd2 Bc6 21. Qe3 Kc8 22. f4 g6 23. Qe2 Kc7 24. Reb1 Nb7 25. Nf1 Ra8 26. Ne3 Ra6 27. b3 cxb3 28. Bd3 a4 29. Bxb5 Bxb5 30. Qxb5 Ra8 31. c4 Qe8 32. Qxe8 Rhxe8 33. cxd5 Nxd5 34. Nxd5+ exd5 35. Nxf7 Bxh4 36. Rb2 Kd7 37. g4 hxg4 38. Kg2 Rec8 39. Rh1 Be7 40. Rh7 Kc6 41. e6 Bxa3 42. Rb1 Kb6 43. Kf1 Rc2 44. Ke1 Re8 0-1

[Event "Jerusalem Japhet Memorial op 2nd"]
[Site "Jerusalem"]
[Date "2014.07.21"]
[Round "5"]
[White "Kerner, Michael"]
[Black "Gokhvat, Peter"]
[Result "1-0"]
[WhiteElo "2034"]
[BlackElo "2255"]
[PlyCount "31"]
[EventDate "2014.07.16"]
[EventType "swiss"]
[EventRounds "9"]
[EventCountry "ISR"]
[SourceTitle "CBM 161 Extra"]
[Source "ChessBase"]
[SourceDate "2014.08.29"]
[SourceVersion "1"]
[SourceVersionDate "2014.08.29"]
[SourceQuality "1"]

1. e4 c5 2. Nf3 Nc6 3. Bb5 g6 4. 0-0 Bg7 5. c3 e5 6. d4 cxd4 7. cxd4 exd4 8. Bf4 Nge7 9. Bd6 Qb6 10. Na3 a6 11. Bd3 0-0 12. Nc4 Qd8 13. a4 Re8 14. a5 b5 15. axb6 Bb7 16. Bc7 1-0

[Event "Gibraltar Masters 12th"]
[Site "Caleta"]
[Date "2014.02.06"]
[Round "10"]
[White "Gokhvat, Peter"]
[Black "Zude, Arno"]
[Result "0-1"]
[WhiteElo "2268"]
[BlackElo "2400"]
[PlyCount "96"]
[EventDate "2014.01.28"]
[EventType "swiss"]
[EventRounds "10"]
[EventCountry "GGB"]
[SourceTitle "CBM 159"]
[Source "ChessBase"]
[SourceDate "2014.03.17"]
[SourceVersion "1"]
[SourceVersionDate "2014.03.17"]
[SourceQuality "1"]

1. d4 Nf6 2. Nf3 e6 3. e3 c5 4. c3 d5 5. Bd3 Be7 6. 0-0 0-0 7. Nbd2 b6 8. Qe2 Bb7 9. Ne5 Nbd7 10. f4 Ne4 11. Nxe4 dxe4 12. Bb5 Nf6 13. Bd2 a6 14. Ba4 b5 15. Bc2 Ne8 16. a4 f6 17. Ng4 c4 18. b3 Bd5 19. b4 Nd6 20. a5 Bc6 21. Be1 Qc7 22. Bg3 Qb7 23. h3 Be8 24. Qe1 Nf5 25. Bh2 Bc6 26. Rb1 Rad8 27. Rb2 Bd6 28. Nf2 Ne7 29. g4 f5 30. Bg3 Nd5 31. Bh4 Rc8 32. Nd1 Be8 33. Bb1 Bg6 34. Rff2 Qf7 35. Bg3 Kh8 36. Rh2 h6 37. Rbg2 Bh7 38. Nf2 Qe7 39. g5 Bg6 40. gxh6 gxh6 41. Nd1 Bh5 42. Bh4 Qf7 43. Nf2 Bf3 44. Rg3 Rg8 45. Nh1 Qh5 46. Kf1 Bxh1 47. Rxh1 Rxg3 48. Qxg3 Rg8 0-1

[Event "Gibraltar Masters 12th"]
[Site "Caleta"]
[Date "2014.02.05"]
[Round "9"]
[White "Larino Nieto, David"]
[Black "Gokhvat, Peter"]
[Result "0-1"]
[WhiteElo "2465"]
[BlackElo "2268"]
[PlyCount "26"]
[EventDate "2014.01.28"]
[EventType "swiss"]
[EventRounds "10"]
[EventCountry "GGB"]
[SourceTitle "CBM 159"]
[Source "ChessBase"]
[SourceDate "2014.03.17"]
[SourceVersion "1"]
[SourceVersionDate "2014.03.17"]
[SourceQuality "1"]

1. b3 Nf6 2. Bb2 d6 3. f4 e5 4. fxe5 dxe5 5. Bxe5 Ng4 6. Bg3 Qf6 7. Nc3 Ne3 8. dxe3 Qxc3+ 9. Kf2 Bc5 10. Bf4 Qf6 11. g3 g5 12. Qd5 gxf4 13. Qxc5 fxg3+ 0-1

[Event "Gibraltar Masters 12th"]
[Site "Caleta"]
[Date "2014.02.04"]
[Round "8"]
[White "Houska, Jovanka"]
[Black "Gokhvat, Peter"]
[Result "1-0"]
[WhiteElo "2414"]
[BlackElo "2268"]
[PlyCount "79"]
[EventDate "2014.01.28"]
[EventType "swiss"]
[EventRounds "10"]
[EventCountry "GGB"]
[SourceTitle "CBM 159"]
[Source "ChessBase"]
[SourceDate "2014.03.17"]
[SourceVersion "1"]
[SourceVersionDate "2014.03.17"]
[SourceQuality "1"]

1. d4 Nf6 2. Nf3 c5 3. d5 d6 4. Nc3 g6 5. e4 Bg4 6. Be2 Bxf3 7. Bxf3 Bg7 8. 0-0 0-0 9. Bf4 h6 10. a4 Nbd7 11. Qd2 g5 12. Bg3 Nh7 13. Be2 Qb6 14. Bb5 Ne5 15. a5 Qc7 16. Nd1 Ng6 17. Ne3 Nf6 18. f3 Nh5 19. c3 Nxg3 20. hxg3 Bf6 21. f4 Kh7 22. Qe2 Rh8 23. Bc4 Kg7 24. e5 dxe5 25. d6 Qd7 26. fxg5 hxg5 27. dxe7 Nxe7 28. Rxf6 Kxf6 29. Qf3+ Nf5 30. Rf1 e4 31. Qxe4 Rae8 32. Rxf5+ Kg6 33. Qc2 Kg7 34. Rxf7+ Qxf7 35. Bxf7 Kxf7 36. Qf5+ Ke7 37. Qxc5+ Kd7 38. Qxa7 Kc8 39. Nd5 Ref8 40. g4 1-0

[Event "Gibraltar Masters 12th"]
[Site "Caleta"]
[Date "2014.01.31"]
[Round "4"]
[White "Zhukova, Natalia"]
[Black "Gokhvat, Peter"]
[Result "1/2-1/2"]
[WhiteElo "2449"]
[BlackElo "2268"]
[PlyCount "56"]
[EventDate "2014.01.28"]
[EventType "swiss"]
[EventRounds "10"]
[EventCountry "GGB"]
[SourceTitle "CBM 159"]
[Source "ChessBase"]
[SourceDate "2014.03.17"]
[SourceVersion "1"]
[SourceVersionDate "2014.03.17"]
[SourceQuality "1"]

1. Nf3 Nf6 2. d4 d6 3. c4 Nbd7 4. Nc3 e5 5. e4 Be7 6. Be2 0-0 7. 0-0 c6 8. Rb1 Re8 9. Re1 Qc7 10. b4 a6 11. a3 Nf8 12. h3 Ng6 13. Bf1 h6 14. Be3 b5 15. Rc1 Qb7 16. Nd2 Be6 17. Nb3 bxc4 18. Na5 Qd7 19. d5 cxd5 20. exd5 Bf5 21. Nxc4 Bd8 22. Na4 Rb8 23. Nab6 Bxb6 24. Nxb6 Qd8 25. Na4 Ra8 26. Nb6 Rb8 27. Na4 Ra8 28. Nb6 Rb8 1/2-1/2

[Event "Cagliari Cup 37th"]
[Site "Cagliari"]
[Date "2012.09.20"]
[Round "6"]
[White "Rombaldoni, Axel"]
[Black "Gokhvat, Peter"]
[Result "0-1"]
[WhiteElo "2458"]
[BlackElo "2230"]
[PlyCount "80"]
[EventDate "2012.09.17"]
[EventType "swiss"]
[EventRounds "9"]
[EventCountry "ITA"]
[SourceTitle "EXT 2014"]
[Source "ChessBase"]
[SourceDate "2013.11.20"]
[SourceVersion "1"]
[SourceVersionDate "2013.11.20"]
[SourceQuality "1"]

1. e4 c5 2. Nf3 Nc6 3. Bb5 g6 4. c3 Qb6 5. Ba4 Bg7 6. 0-0 d6 7. d4 Bd7 8. d5 Nb8 9. Bc2 Nh6 10. Nbd2 0-0 11. a4 Qc7 12. Nc4 f6 13. Ne1 b5 14. axb5 Bxb5 15. Bd3 Nd7 16. Na5 c4 17. Be2 f5 18. Nc2 f4 19. Nd4 Bxd4 20. cxd4 a6 21. Ra3 g5 22. Qc2 Nb6 23. Nc6 e6 24. Rh3 Qg7 25. Ne7+ Qxe7 26. Rxh6 exd5 27. exd5 Rf6 28. Rh5 h6 29. Bg4 Be8 30. Rh3 Bf7 31. b3 Bxd5 32. bxc4 Bxc4 33. Rd1 Re8 34. Bd2 d5 35. Qb1 Qe4 36. Qc1 Rc6 37. Bb4 Be2 38. Qxc6 Bxd1 39. Re3 fxe3 40. f3 Ba4 0-1

[Event "Arctic Chess Challenge"]
[Site "Tromsoe"]
[Date "2010.08.05"]
[Round "6"]
[White "Urkedal, Frode Olav Olsen"]
[Black "Gokhvat, Peter"]
[Result "1-0"]
[WhiteElo "2414"]
[BlackElo "2242"]
[PlyCount "95"]
[EventDate "2010.07.31"]
[EventType "swiss"]
[EventRounds "9"]
[EventCountry "NOR"]
[SourceTitle "CBM 137 Extra"]
[Source "ChessBase"]
[SourceDate "2010.09.01"]
[SourceVersion "1"]
[SourceVersionDate "2010.09.01"]
[SourceQuality "1"]

1. d4 Nf6 2. Nf3 d6 3. c4 Nbd7 4. Nc3 e5 5. e4 Be7 6. Be2 c6 7. 0-0 h6 8. Nh4 exd4 9. Qxd4 Qb6 10. Nf5 Qxd4 11. Nxd4 Nc5 12. f3 a5 13. b3 0-0 14. Be3 Re8 15. a3 Bf8 16. Kf2 Bd7 17. Rfd1 g6 18. b4 Na6 19. Nc2 axb4 20. axb4 Be6 21. Na4 Bg7 22. Nb6 Rad8 23. Ra3 Nd7 24. Nxd7 Rxd7 25. b5 Nc5 26. Nd4 Rc8 27. bxc6 bxc6 28. Nxe6 Nxe6 29. Rad3 Bf8 30. e5 Rcd8 31. f4 d5 32. cxd5 cxd5 33. g4 Nc5 34. Bxc5 Bxc5+ 35. Kf3 d4 36. Ke4 Bb4 37. Rb3 Bc5 38. Bd3 Ra7 39. Rc1 Bf8 40. h4 Be7 41. h5 g5 42. f5 f6 43. Rb6 Kg7 44. Rcc6 Rf8 45. Re6 Rf7 46. Bc4 Ra5 47. Rb7 fxe5 48. Rg6+ 1-0

[Event "ISR-chT"]
[Site "Israel"]
[Date "2010.05.07"]
[Round "9.5"]
[White "Gokhvat, Peter"]
[Black "Shevelev, Arkady"]
[Result "1/2-1/2"]
[WhiteElo "2264"]
[BlackElo "2295"]
[PlyCount "32"]
[EventDate "2010.01.29"]
[EventType "team"]
[EventRounds "11"]
[EventCountry "ISR"]
[SourceTitle "EXT 2011"]
[Source "ChessBase"]
[SourceDate "2010.11.26"]
[SourceVersion "1"]
[SourceVersionDate "2010.11.26"]
[SourceQuality "1"]
[WhiteTeam "Jerusalem JeruChess"]
[BlackTeam "Ashdod II"]
[WhiteTeamCountry "ISR"]
[BlackTeamCountry "ISR"]

1. Nf3 Nf6 2. c4 c5 3. g3 Nc6 4. Bg2 d5 5. cxd5 Nxd5 6. 0-0 g6 7. d4 Bg7 8. e4 Ndb4 9. d5 Nd4 10. Nxd4 Bxd4 11. Nd2 Bg7 12. Nc4 b5 13. Ne3 0-0 14. a3 Na6 15. Qc2 c4 16. Bd2 Nc5 1/2-1/2

[Event "ISR-ch 34th"]
[Site "Haifa"]
[Date "2008.12.04"]
[Round "3"]
[White "Gokhvat, Peter"]
[Black "Vydeslaver, Alik"]
[Result "0-1"]
[WhiteElo "2196"]
[BlackElo "2399"]
[PlyCount "64"]
[EventDate "2008.12.01"]
[EventType "swiss"]
[EventRounds "9"]
[EventCountry "ISR"]
[SourceTitle "CBM 127 Extra"]
[Source "ChessBase"]
[SourceDate "2009.01.08"]
[SourceVersion "2"]
[SourceVersionDate "2009.01.28"]
[SourceQuality "1"]

1. Nf3 d5 2. d4 c6 3. e3 Bf5 4. Nbd2 e6 5. b3 Nd7 6. Bb2 h6 7. Be2 Ngf6 8. 0-0 Be7 9. Ne5 Nxe5 10. dxe5 Nd7 11. Bd3 Bxd3 12. cxd3 Qa5 13. Qc2 0-0 14. a3 Rac8 15. Rac1 Bxa3 16. Bxa3 Qxa3 17. Ra1 Qb4 18. Rxa7 Nxe5 19. Rfa1 c5 20. h3 Nc6 21. R7a4 Qb5 22. Rg4 Nb4 23. Qb2 f6 24. d4 cxd4 25. Ra4 Nd3 26. Qxd4 Ne5 27. Rb4 Qe2 28. Nf3 Rc1+ 29. Kh2 Nxf3+ 30. gxf3 Qxf3 31. Rg2 Rfc8 32. Rxb7 Rh1+ 0-1